[Event "4NCL Online Division 5"]
[Site "online"]
[Date "2021.11.16"]
[EventDate "2021.11.16"]
[Round "7.53"]
[White "Watt, David A"]
[WhiteElo "1921"]
[WhiteTeam "Bearsden Grizzlies"]
[Black "Grace, Matt"]
[BlackElo "1700"]
[BlackTeam "Streatham B"]
[Result "0-1"]
[PlyCount "84"]

1. e4 e6 2. d3 d5 3. Nd2 c5 4. Ngf3 Nc6 5. g3 Nf6 6. Bg2 Be7 7. O-O O-O 8. Re1 dxe4 9. dxe4 Qc7 10. c3 e5 11. Qe2 Bg4 12. Nf1 Rad8 13. Ne3 Be6 14. Nf5 Rfe8 15. Nxe7+ Rxe7 16. Bg5 Red7 17. b3 a6 18. Bxf6 gxf6 19. Rad1 b5 20. Nh4 Ne7 21. Bf3 c4 22. Rxd7 Qxd7 23. b4 Nc8 24. Rd1 Qxd1+ 25. Qxd1 Rxd1+ 26. Bxd1 Nb6 27. Ng2 f5 28. f3 fxe4 29. fxe4 Bc8 30. Ne3 Bb7 31. Bc2 Kf8 32. Kf2 Nc8 33. Nd5 h6 34. Ke3 Bxd5 35. exd5 Ke7 36. Ke4 f6 37. Kf5 Kf7 38. Kg4 Nd6 39. Bf5 h5+ 40. Kxh5 Nxf5 41. Kg4 Ne3+ 42. Kf3 Nxd5 0-1

[Event "4NCL Online Division 5"]
[Site "online"]
[Date "2021.11.16"]
[EventDate "2021.11.16"]
[Round "7.54"]
[White "Chung, Michael"]
[WhiteElo "1643"]
[WhiteTeam "Streatham B"]
[Black "Callison, S"]
[BlackElo "1689"]
[BlackTeam "Bearsden Grizzlies"]
[Result "0-1"]
[PlyCount "102"]

1. e4 c5 2. Nf3 e6 3. d4 cxd4 4. Nxd4 Bc5 5. c3 a6 6. Bd3 d6 7. O-O Nf6 8. Bg5 O-O 9. Nd2 h6 10. Bh4 e5 11. Nf5 Bxf5 12. exf5 d5 13. Re1 Nbd7 14. Nb3 Ba7 15. Qc2 Rc8 16. Rac1 Re8 17. Qd2 b5 18. Rcd1 e4 19. Bc2 Nb6 20. Nd4 Nc4 21. Qc1 Ne5 22. Qf4 Nh5 23. Qxe5 Qxh4 24. Qxd5 Nf6 25. Qb7 Bxd4 26. Rxd4 Ng4 27. Rd2 Qxh2+ 28. Kf1 Qh1+ 29. Ke2 Qxg2 30. Kd1 Nxf2+ 31. Kc1 Qg5 32. Bxe4 Rcd8 33. Bd5 Rxe1+ 34. Kc2 Qxf5+ 35. Kb3 Nd3 36. Rxd3 Qxd3 37. Qxf7+ Kh7 38. Be6 Rxe6 39. Qxe6 Qd5+ 40. Qxd5 Rxd5 41. a4 bxa4+ 42. Kxa4 g5 43. c4 Rd2 44. b4 g4 45. b5 axb5+ 46. cxb5 Rb2 47. Ka5 g3 48. Ka6 g2 49. b6 g1=Q 50. Ka7 Qxb6+ 51. Ka8 Qb8# 0-1

[Event "4NCL Online Division 5"]
[Site "online"]
[Date "2021.11.16"]
[EventDate "2021.11.16"]
[Round "7.61"]
[White "Doyle, Jamie"]
[WhiteElo "1684"]
[WhiteTeam "Wessex Some Stars F"]
[Black "Brusey, Alan W"]
[BlackElo "2056"]
[BlackTeam "Jurassic Coast A"]
[Result "1/2-1/2"]
[PlyCount "101"]

1. e4 e5 2. Nf3 Nf6 3. Nc3 Nc6 4. Bc4 Nxe4 5. Nxe4 d5 6. Bxd5 Qxd5 7. Nc3 Qd8 8. O-O Bd6 9. d3 O-O 10. h3 f6 11. Re1 Bb4 12. Bd2 Be6 13. a3 Ba5 14. Qe2 Bf7 15. Rad1 Bh5 16. g4 Bf7 17. b4 Bb6 18. Be3 Re8 19. Ne4 Nd4 20. Bxd4 exd4 21. Qd2 c6 22. Nh4 Bd5 23. Nf5 Bxe4 24. Rxe4 Qd7 25. Rde1 Rxe4 26. Rxe4 Re8 27. Qe2 Rxe4 28. Qxe4 Kf7 29. Qf4 Ke6 30. g5 fxg5 31. Qxg5 g6 32. Nh6 Qe7 33. Qg4+ Kd6 34. Qf4+ Kd7 35. Kf1 c5 36. Ng8 Qe6 37. Nf6+ Ke7 38. Ne4 Qxh3+ 39. Kg1 cxb4 40. Qd6+ Ke8 41. Qb8+ Kd7 42. Qxb7+ Kd8 43. Qb8+ Qc8 44. Qd6+ Qd7 45. Qf6+ Kc8 46. axb4 Qg4+ 47. Kf1 Qd1+ 48. Kg2 Qg4+ 49. Kf1 Qd1+ 50. Kg2 Qg4+ 51. Kf1 1/2-1/2

[Event "4NCL Online Division 5"]
[Site "online"]
[Date "2021.11.16"]
[EventDate "2021.11.16"]
[Round "7.62"]
[White "Gosling, Brian G E"]
[WhiteElo "1857"]
[WhiteTeam "Jurassic Coast A"]
[Black "Davenport, Robert"]
[BlackElo "1660"]
[BlackTeam "Wessex Some Stars F"]
[Result "0-1"]
[PlyCount "88"]

1. d4 g6 2. Nf3 Bg7 3. e3 d6 4. Be2 Nd7 5. c4 a6 6. Nc3 e5 7. O-O Qe7 8. Nd5 Qd8 9. e4 Ngf6 10. dxe5 Nxd5 11. exd5 Nxe5 12. Nd4 O-O 13. f4 Nd7 14. Nf3 Nc5 15. a4 Re8 16. Ra3 Bd7 17. b4 Nxa4 18. Bd3 Nb2 19. Qc2 Nxd3 20. Qxd3 Qe7 21. Be3 Bf5 22. Qd2 Bd7 23. h3 b5 24. c5 a5 25. c6 Bf5 26. bxa5 b4 27. Qxb4 Reb8 28. Bb6 cxb6 29. axb6 Rxa3 30. c7 Qxc7 31. Qxa3 Qxb6+ 32. Kh2 Bh6 33. Ng5 Bg7 34. g4 Qb2+ 35. Qxb2 Rxb2+ 36. Kg3 Bd7 37. Ne4 Rb5 38. Rd1 Rb3+ 39. Kh4 Rb6 40. Kg3 f5 41. gxf5 Bxf5 42. Ng5 Rb3+ 43. Kg2 Re3 44. Rd4 Bxd4 0-1

[Event "4NCL Online Division 5"]
[Site "online"]
[Date "2021.11.16"]
[EventDate "2021.11.16"]
[Round "7.63"]
[White "Blanden, Edward"]
[WhiteElo "1657"]
[WhiteTeam "Wessex Some Stars F"]
[Black "Keen, Charles E"]
[BlackElo "1780"]
[BlackTeam "Jurassic Coast A"]
[Result "0-1"]
[PlyCount "28"]

1. c4 e5 2. g3 Nc6 3. Bg2 f5 4. e3 Nf6 5. Ne2 g6 6. Nbc3 Bg7 7. O-O O-O 8. a3 d6 9. b4 Rb8 10. d3 Ne7 11. Bd2 Be6 12. Qb3 e4 13. d4 b5 14. Nf4 Bxc4 0-1

[Event "4NCL Online Division 5"]
[Site "online"]
[Date "2021.11.16"]
[EventDate "2021.11.16"]
[Round "7.64"]
[White "Gouveia Wasques, Danilo"]
[WhiteElo "1705"]
[WhiteTeam "Jurassic Coast A"]
[Black "Hillman, Graham"]
[BlackElo "1631"]
[BlackTeam "Wessex Some Stars F"]
[Result "0-1"]
[PlyCount "148"]

1. e4 d5 2. exd5 Nf6 3. Nf3 Bg4 4. c4 c6 5. Nc3 cxd5 6. cxd5 Nxd5 7. Bb5+ Bd7 8. O-O Nxc3 9. Bxd7+ Nxd7 10. dxc3 Qc7 11. Be3 e5 12. Qb3 Be7 13. Rad1 O-O 14. Bg5 Nc5 15. Qc2 e4 16. Bxe7 Qxe7 17. Rfe1 Rae8 18. Rd5 Rd8 19. Rh5 Nd3 20. Re3 Rfe8 21. Nd4 Nf4 22. Rb5 a6 23. Rf5 Nd3 24. f3 Qc7 25. fxe4 Rxd4 26. Rxd3 Rdxe4 27. Rf1 Qc5+ 28. Kh1 Re1 29. Rf3 Rxf1+ 30. Rxf1 Qc4 31. Qf2 Qxa2 32. Qf4 Rf8 33. Qb4 b5 34. h3 Qc4 35. Qxc4 bxc4 36. Ra1 Ra8 37. Ra2 f6 38. Ra4 Rc8 39. Rxa6 Rc7 40. Kg1 Kf7 41. Kf1 Re7 42. Kf2 f5 43. Rc6 Re4 44. Rc5 g6 45. g3 h5 46. Kf3 Kf6 47. Rc6+ Kf7 48. Rb6 Re6 49. Rb7+ Kf6 50. g4 hxg4+ 51. hxg4 fxg4+ 52. Kxg4 Rc6 53. Rb4 Kg7 54. Kg5 Rc5+ 55. Kg4 Kf6 56. Rb6+ Kg7 57. Kf4 Kh6 58. Rb8 Kg7 59. Rd8 Rb5 60. Rd2 Rc5 61. Ke4 Kh6 62. Kd4 Rc7 63. Rc2 g5 64. Ke3 Kh5 65. Kf3 Rf7+ 66. Kg3 Rd7 67. Rh2+ Kg6 68. Rf2 Rd3+ 69. Rf3 Rxf3+ 70. Kxf3 Kf5 71. Kg3 g4 72. Kf2 Kf4 73. Kg2 g3 74. Kh3 Kf3 0-1

[Event "4NCL Online Division 5"]
[Site "online"]
[Date "2021.11.16"]
[EventDate "2021.11.16"]
[Round "7.71"]
[White "Hackney, Leyton"]
[WhiteElo "1597"]
[WhiteTeam "Dundee City D"]
[Black "Pereira, Nolan"]
[BlackElo "1906"]
[BlackTeam "Colchester JFF A"]
[Result "0-1"]
[PlyCount "52"]

1. c4 e5 2. Nc3 Nf6 3. f3 d5 4. cxd5 Nxd5 5. e4 Nb6 6. Nge2 Nc6 7. d3 Bc5 8. a3 a5 9. Qc2 O-O 10. Nd5 Nd7 11. Bd2 Bd6 12. Bc3 Nf6 13. Nxf6+ Qxf6 14. O-O-O Nd4 15. Bxd4 exd4 16. Qc4 Be6 17. Qxd4 Be5 18. Qc5 Bxb2+ 19. Kd2 Rfd8 20. f4 b6 21. Qxc7 Rac8 22. Qxb6 Rxd3+ 23. Ke1 Rxd1+ 24. Kxd1 a4 25. e5 Bb3+ 26. Ke1 Qxb6 0-1

[Event "4NCL Online Division 5"]
[Site "online"]
[Date "2021.11.16"]
[EventDate "2021.11.16"]
[Round "7.72"]
[White "Rida, Ruqayyah"]
[WhiteElo "1655"]
[WhiteTeam "Colchester JFF A"]
[Black "Vijayakumar, Rishi"]
[BlackElo "1497"]
[BlackTeam "Dundee City D"]
[Result "1-0"]
[PlyCount "69"]

1. e4 e6 2. d4 d5 3. Nd2 Nf6 4. e5 Nfd7 5. Bd3 c5 6. c3 Nc6 7. Ngf3 b6 8. O-O Bb7 9. Re1 Rc8 10. Nf1 h6 11. Ng3 g6 12. a3 Bg7 13. Be3 O-O 14. Qd2 Na5 15. Bc2 Nc4 16. Qc1 Nxe3 17. fxe3 b5 18. Qd2 Nb6 19. b3 b4 20. axb4 cxb4 21. cxb4 a6 22. Bd3 g5 23. h3 Ra8 24. Rec1 Qd7 25. Qe2 Qc8 26. Rxc8 Rfxc8 27. Bxa6 Bxa6 28. Rxa6 Rc1+ 29. Kh2 Rxa6 30. Qxa6 Nd7 31. Nh5 Bf8 32. Qb7 Rc3 33. Qxd7 Rxe3 34. Nf6+ Kg7 35. Qa4 1-0

[Event "4NCL Online Division 5"]
[Site "online"]
[Date "2021.11.16"]
[EventDate "2021.11.16"]
[Round "7.73"]
[White "Robertson, John"]
[WhiteElo "1562"]
[WhiteTeam "Dundee City D"]
[Black "Catabay, Mae Katelyn Rose"]
[BlackElo "1586"]
[BlackTeam "Colchester JFF A"]
[Result "1/2-1/2"]
[PlyCount "91"]

1. d4 Nf6 2. Bg5 e6 3. Nd2 d5 4. c3 c5 5. e3 Nc6 6. f3 Bd6 7. Bb5 O-O 8. Ne2 a6 9. Bxc6 bxc6 10. O-O cxd4 11. cxd4 Bd7 12. Nb3 e5 13. Nc3 Be6 14. Qd2 a5 15. dxe5 Bxe5 16. f4 Bxc3 17. Qxc3 Ne4 18. Bxd8 Nxc3 19. Bxa5 Ne4 20. Bb6 Rab8 21. Bd4 f6 22. Nc5 Nxc5 23. Bxc5 Rfc8 24. b4 Bf5 25. a4 Ra8 26. Ra3 Be4 27. a5 f5 28. Rc1 Re8 29. Bb6 Re6 30. Rac3 Rg6 31. g3 Rc8 32. b5 d4 33. Bxd4 h5 34. b6 h4 35. Kf2 hxg3+ 36. hxg3 Kf7 37. a6 Rh8 38. Rg1 Rh2+ 39. Ke1 Ra2 40. Rc1 Rh6 41. Ra1 Rc2 42. a7 Rhh2 43. a8=Q Rhe2+ 44. Kf1 Rf2+ 45. Ke1 Rfe2+ 46. Kf1 1/2-1/2

[Event "4NCL Online Division 5"]
[Site "online"]
[Date "2021.11.16"]
[EventDate "2021.11.16"]
[Round "7.74"]
[White "Kanellopoulos, Nikolas"]
[WhiteElo "1478"]
[WhiteTeam "Colchester JFF A"]
[Black "Sallai, Peter"]
[BlackElo "1435"]
[BlackTeam "Dundee City D"]
[Result "0-1"]
[PlyCount "72"]

1. e4 c6 2. d4 d5 3. exd5 cxd5 4. Nf3 Bf5 5. Bb5+ Bd7 6. Bxd7+ Nxd7 7. O-O Ngf6 8. Re1 e6 9. Nc3 Be7 10. Bf4 O-O 11. Nb5 Qb6 12. Qd3 Rac8 13. Rab1 a6 14. Nc3 Qa5 15. a3 b5 16. b4 Qb6 17. Be3 Rc7 18. Ne5 Rfc8 19. Rb3 Qb8 20. Bf4 Bd6 21. Nxd7 Rxd7 22. Bxd6 Rxd6 23. Nd1 Rdc6 24. Rc3 Qc7 25. Re3 Ne4 26. Rxc6 Qxc6 27. f3 Nd6 28. Qc3 Qb6 29. Qb3 Qxd4 30. c3 Qd2 31. Kf1 Nc4 32. Re2 Qc1 33. Ke1 Nxa3 34. Rb2 Nc4 35. Rc2 Qf4 36. Qa2 Rc6 0-1

[Event "4NCL Online Division 5"]
[Site "online"]
[Date "2021.11.16"]
[EventDate "2021.11.16"]
[Round "7.81"]
[White "Badacsonyi, Stanley"]
[WhiteElo "1605"]
[WhiteTeam "MHJ Bishops"]
[Black "Baig, Huzaifa"]
[BlackElo "1339"]
[BlackTeam "Colchester JFF B"]
[Result "1/2-1/2"]
[PlyCount "104"]

1. d4 d5 2. Nc3 c6 3. Bf4 Nf6 4. e3 Bf5 5. f3 Nbd7 6. g4 Bg6 7. h4 h6 8. Bd3 Bxd3 9. Qxd3 e6 10. Nge2 Qa5 11. Kf2 c5 12. Qb5 Qxb5 13. Nxb5 Kd8 14. Bc7+ Kc8 15. Bg3 cxd4 16. exd4 Ne8 17. Rac1 a6 18. Nbc3 Bd6 19. Nd1 Bxg3+ 20. Nxg3 Nd6 21. b3 b5 22. Ne3 Nb6 23. f4 Kd7 24. f5 exf5 25. Nexf5 Nxf5 26. Nxf5 g6 27. Ne3 h5 28. g5 Rhf8 29. Kg3 f6 30. gxf6 Rxf6 31. Rhf1 Raf8 32. Rxf6 Rxf6 33. Rf1 Rxf1 34. Nxf1 Ke6 35. Kf4 Kf6 36. a3 Nd7 37. Ne3 Nb6 38. Nd1 Nd7 39. Nb2 Nf8 40. Nd3 Ne6+ 41. Ke3 g5 42. hxg5+ Nxg5 43. Nf4 h4 44. Nxd5+ Kf5 45. Nc3 h3 46. Ne2 h2 47. Ng3+ Kg4 48. Nh1 Nh3 49. c4 bxc4 50. bxc4 Kf5 51. Kf3 Ng5+ 52. Kf2 Kf4 1/2-1/2

[Event "4NCL Online Division 5"]
[Site "online"]
[Date "2021.11.16"]
[EventDate "2021.11.16"]
[Round "7.82"]
[White "Shiva, Shrishti"]
[WhiteElo "1342"]
[WhiteTeam "Colchester JFF B"]
[Black "Karia, Kamlesh"]
[BlackElo "1560"]
[BlackTeam "MHJ Bishops"]
[Result "0-1"]
[PlyCount "102"]

1. e4 e5 2. Nf3 Nc6 3. Bc4 Nf6 4. Nc3 Nxe4 5. Nxe4 d5 6. Bxd5 Qxd5 7. d3 Be7 8. h3 h6 9. Bd2 Be6 10. Qe2 f6 11. Nc3 Qd7 12. a3 O-O-O 13. O-O-O a6 14. Rhe1 Bf7 15. Be3 f5 16. Nd2 f4 17. Nf3 fxe3 18. Qxe3 Bf6 19. Ne4 Nd4 20. Nxd4 Qxd4 21. Qxd4 exd4 22. Nxf6 gxf6 23. Re7 Rd7 24. Re4 Re8 25. Rf4 Rd6 26. Rh4 h5 27. Rf4 c5 28. Rf5 b6 29. g4 hxg4 30. hxg4 Re5 31. Rxe5 fxe5 32. Re1 Re6 33. Kd2 Kd7 34. f3 Kd6 35. b3 Rf6 36. Rf1 Be6 37. Ke2 Rh6 38. Rf2 a5 39. a4 Bd7 40. Rg2 Bc6 41. g5 Rg6 42. Kf2 Ke6 43. Rg4 Kf5 44. Rh4 Rxg5 45. Rh6 Rg6 46. Rh5+ Kf6 47. Rh4 b5 48. axb5 Bxb5 49. Re4 a4 50. bxa4 Bxa4 51. Re2 Kf5 0-1

[Event "4NCL Online Division 5"]
[Site "online"]
[Date "2021.11.16"]
[EventDate "2021.11.16"]
[Round "7.83"]
[White "Burnton, Joshua"]
[WhiteElo "1374"]
[WhiteTeam "MHJ Bishops"]
[Black "Balaggan, Karam S"]
[BlackElo "1315"]
[BlackTeam "Colchester JFF B"]
[Result "1-0"]
[PlyCount "93"]

1. e4 c5 2. Nc3 d6 3. f4 Nc6 4. Nf3 e6 5. Bb5 Nf6 6. Bxc6+ bxc6 7. d3 Qb6 8. a4 a5 9. Rb1 Qc7 10. O-O Be7 11. Be3 O-O 12. Ne2 d5 13. e5 Nd7 14. d4 cxd4 15. Nexd4 c5 16. Nb5 Qc6 17. Qe2 Ba6 18. c4 Nb6 19. b3 f6 20. Na3 fxe5 21. Nxe5 Qd6 22. Rfd1 d4 23. Bd2 Bf6 24. Bxa5 Bb7 25. Nb5 Qd8 26. Nd3 Rxa5 27. Qxe6+ Kh8 28. Nxc5 Bc8 29. Qe1 Re8 30. Qxa5 Bg4 31. Re1 Rxe1+ 32. Rxe1 d3 33. Ne4 Qe8 34. Nxf6 Qe2 35. Rxe2 dxe2 36. Qe1 gxf6 37. h3 Bh5 38. g4 Bf7 39. Qxe2 Kg7 40. Nd6 Bg8 41. Qe7+ Kg6 42. f5+ Kg5 43. Qe3+ Kh4 44. Kg2 h5 45. Qh6 Bd5+ 46. cxd5 Nc4 47. Qxh5# 1-0

[Event "4NCL Online Division 5"]
[Site "online"]
[Date "2021.11.16"]
[EventDate "2021.11.16"]
[Round "7.84"]
[White "Beer, James"]
[WhiteElo "1275"]
[WhiteTeam "Colchester JFF B"]
[Black "Qiu, Calvin"]
[BlackElo "976"]
[BlackTeam "MHJ Bishops"]
[Result "0-1"]
[PlyCount "136"]

1. e4 e5 2. Nf3 Nc6 3. Bc4 Bc5 4. Nc3 Nf6 5. d3 h6 6. Be3 Bb6 7. d4 exd4 8. Nxd4 Nxd4 9. Bxd4 d6 10. O-O c5 11. Be3 Ba5 12. Bb5+ Bd7 13. Qxd6 Bxc3 14. Bxd7+ Qxd7 15. Qxd7+ Kxd7 16. Rfd1+ Bd4 17. Bxd4 cxd4 18. Rxd4+ Ke6 19. Re1 Nd7 20. Red1 Rhd8 21. Rd6+ Ke7 22. f4 f6 23. R1d5 Nb6 24. Rxd8 Rxd8 25. Rxd8 Kxd8 26. Kf2 Kd7 27. Ke3 Kd6 28. Kd4 Nd7 29. g4 g5 30. f5 Ne5 31. h3 Nf3+ 32. Ke3 Ng1 33. Kd4 Nxh3 34. c4 Nf4 35. c5+ Kd7 36. e5 fxe5+ 37. Kxe5 b6 38. cxb6 axb6 39. f6 Ke8 40. Kf5 Kf7 41. b4 Nd5 42. a3 Nc3 43. Ke5 b5 44. Kd4 Nb1 45. Kc5 Nxa3 46. Kc6 Kxf6 47. Kb6 Ke5 48. Ka5 Kf4 49. Kb6 Kxg4 50. Kc5 Kf4 51. Kd4 h5 52. Kc3 h4 53. Kb3 Nb1 54. Kc2 h3 55. Kxb1 h2 56. Kb2 h1=Q 57. Ka2 Qd5+ 58. Ka3 Qc4 59. Kb2 Qxb4+ 60. Kc2 g4 61. Kd1 g3 62. Ke2 g2 63. Kf2 Qd2+ 64. Kg1 Kf3 65. Kh2 Qf4+ 66. Kg1 Qd4+ 67. Kh2 Qh4+ 68. Kg1 Qh1# 0-1

[Event "4NCL Online Division 5"]
[Site "online"]
[Date "2021.11.16"]
[EventDate "2021.11.16"]
[Round "7.91"]
[White "Kosznik, Dariusz"]
[WhiteElo "1867"]
[WhiteTeam "Dundee City C"]
[Black "Hodgson, Christopher"]
[BlackElo "1764"]
[BlackTeam "Bolton and Worsley 2"]
[Result "0-1"]
[PlyCount "102"]

1. e4 e5 2. Nf3 Nc6 3. c3 d6 4. h3 Be7 5. Bc4 Na5 6. Bb5+ c6 7. Ba4 b5 8. Bc2 Qb6 9. b4 Nb7 10. a4 bxa4 11. Bxa4 a5 12. O-O Bd7 13. Ba3 Nf6 14. d4 exd4 15. e5 dxe5 16. Nxe5 axb4 17. cxb4 O-O 18. Nd2 Rfd8 19. Ndc4 Qa6 20. b5 Qxa4 21. Qxa4 Rxa4 22. Bxe7 cxb5 23. Rxa4 bxa4 24. Bxd8 Nxd8 25. Nxd7 Nxd7 26. Ra1 Nc5 27. Nb2 Nde6 28. Nxa4 Ne4 29. Nc5 N4xc5 30. Ra8+ Nf8 31. Kf1 f5 32. Rd8 Ne6 33. Rd5 g6 34. Ke2 Kf7 35. g3 Kf6 36. f4 h6 37. h4 Ke7 38. h5 Kf6 39. hxg6 Nxg6 40. Rd7 Ngf8 41. Ra7 Nc5 42. Ra8 Nfe6 43. Rh8 Kg6 44. Re8 Kh5 45. Kf3 d3 46. Re7 Nd4+ 47. Ke3 Nc2+ 48. Kd2 Nb4 49. Re3 Ne4+ 50. Kd1 Kg4 51. Kc1 Nxg3 0-1

[Event "4NCL Online Division 5"]
[Site "online"]
[Date "2021.11.16"]
[EventDate "2021.11.16"]
[Round "7.92"]
[White "Lane, Anthony J"]
[WhiteElo "1711"]
[WhiteTeam "Bolton and Worsley 2"]
[Black "Mooney, Graham"]
[BlackTitle "CM"]
[BlackElo "1880"]
[BlackTeam "Dundee City C"]
[Result "0-1"]
[PlyCount "56"]

1. e4 c5 2. Nf3 g6 3. d4 cxd4 4. Nxd4 Bg7 5. Be3 Nc6 6. Nc3 Nf6 7. f3 O-O 8. Qd2 d5 9. Nxc6 bxc6 10. exd5 cxd5 11. Ne2 e5 12. c3 a5 13. a4 Ba6 14. Bg5 Qb6 15. Ng3 Bxf1 16. Nxf1 Rab8 17. Rb1 d4 18. c4 Rfc8 19. Qd3 Qb4+ 20. Bd2 Qxc4 21. Qxc4 Rxc4 22. Bxa5 Rxa4 23. b4 Rxa5 24. bxa5 Rxb1+ 25. Kd2 Ra1 26. Kd3 Rxa5 27. Nd2 Ra3+ 28. Kc4 Rc3+ 0-1

[Event "4NCL Online Division 5"]
[Site "online"]
[Date "2021.11.16"]
[EventDate "2021.11.16"]
[Round "7.93"]
[White "Anderson, James"]
[WhiteElo "1630"]
[WhiteTeam "Dundee City C"]
[Black "Busznyak, Arpad"]
[BlackElo "1602"]
[BlackTeam "Bolton and Worsley 2"]
[Result "0-1"]
[PlyCount "78"]

1. d4 d5 2. Bg5 h6 3. Bh4 Nf6 4. Bxf6 exf6 5. e3 c5 6. c3 cxd4 7. exd4 Bd6 8. Bd3 O-O 9. Ne2 Bg4 10. O-O Nc6 11. f3 Bd7 12. Nd2 Qc7 13. h3 a6 14. Qe1 Rae8 15. Qf2 Ne7 16. Nb3 Nf5 17. Nc5 Bc8 18. Nb3 Re7 19. g4 Ne3 20. Rfe1 Rfe8 21. Nd2 f5 22. Rac1 fxg4 23. fxg4 Rf8 24. Qh4 Nc4 25. Nxc4 dxc4 26. Bf5 Rfe8 27. Bxc8 Rxe2 28. Rxe2 Rxe2 29. g5 Qxc8 30. gxh6 Be7 31. Qg3 g6 32. Rf1 Qe6 33. Qb8+ Kh7 34. Qf4 f5 35. h4 Bd6 36. Qf3 Qe3+ 37. Qxe3 Rxe3 38. Rf2 Kxh6 39. Rg2 Re4 0-1

[Event "4NCL Online Division 5"]
[Site "online"]
[Date "2021.11.16"]
[EventDate "2021.11.16"]
[Round "7.94"]
[White "Houlston, Michael"]
[WhiteElo "1435"]
[WhiteTeam "Bolton and Worsley 2"]
[Black "Flood, Raymond"]
[BlackElo "1623"]
[BlackTeam "Dundee City C"]
[Result "0-1"]
[PlyCount "80"]

1. e4 d6 2. Bc4 Nf6 3. d3 g6 4. Be3 Bg7 5. Qd2 Nxe4 6. dxe4 Bxb2 7. Bd4 Bxa1 8. Bxh8 Bxh8 9. Qh6 c5 10. Ne2 Qa5+ 11. c3 e6 12. Qxh7 Bf6 13. O-O Nc6 14. Qg8+ Ke7 15. Bb3 b5 16. Qh7 Bb7 17. Nf4 Ne5 18. Qh3 c4 19. Bd1 Bxe4 20. Bg4 Rh8 21. Qe3 Bxb1 22. Rxb1 Nxg4 23. Nd5+ Kf8 24. Qf4 exd5 25. Qxg4 Qxc3 26. g3 Qc2 27. Rxb5 Qf5 28. Qd1 Qh3 29. Rb8+ Kg7 30. Rxh8 Kxh8 31. Qxd5 Qe6 32. Qa8+ Kg7 33. Qxa7 Qe1+ 34. Kg2 Qe4+ 35. Kg1 Bd4 36. Qa3 Qe1+ 37. Kg2 Qxf2+ 38. Kh3 Qf1+ 39. Kg4 Qf5+ 40. Kh4 Bf6# 0-1

[Event "4NCL Online Division 5"]
[Site "online"]
[Date "2021.11.16"]
[EventDate "2021.11.16"]
[Round "7.111"]
[White "Sandy, Paul"]
[WhiteElo "1586"]
[WhiteTeam "Wessex Some Stars G"]
[Black "Camara, Pedro"]
[BlackElo "1391"]
[BlackTeam "QMUL B"]
[Result "1-0"]
[PlyCount "71"]

1. b4 e5 2. Bb2 Bxb4 3. Bxe5 Nf6 4. e3 O-O 5. c3 Bc5 6. Qf3 d5 7. Bxf6 Qxf6 8. Qxf6 gxf6 9. d4 Bb6 10. Nd2 Bf5 11. h3 Bg6 12. Be2 f5 13. Ngf3 Nd7 14. a4 a6 15. Bd3 c5 16. Nh4 cxd4 17. cxd4 Ba5 18. Bxf5 Bxf5 19. Nxf5 Nf6 20. Ra2 Rfe8 21. O-O Re6 22. Rc1 Nd7 23. Nf3 Nb6 24. Rc7 Rb8 25. Ne5 Nc4 26. Rc5 Rd8 27. Nxc4 Bb4 28. Rc7 dxc4 29. Rxc4 Ba5 30. Rac2 f6 31. Kf1 Kf7 32. Rb2 Rb6 33. Rxb6 Bxb6 34. Rb4 Bc7 35. Rxb7 Rc8 36. Nd6+ 1-0

[Event "4NCL Online Division 5"]
[Site "online"]
[Date "2021.11.16"]
[EventDate "2021.11.16"]
[Round "7.112"]
[White "Jeevan, Senthuran"]
[WhiteElo "1182"]
[WhiteTeam "QMUL B"]
[Black "Deacon, Matthew"]
[BlackElo "1579"]
[BlackTeam "Wessex Some Stars G"]
[Result "0-1"]
[PlyCount "120"]

1. d4 Nf6 2. c4 g6 3. Nc3 d5 4. e3 Bg7 5. b3 O-O 6. Bb2 c6 7. g3 Bf5 8. Nge2 Ne4 9. Bg2 Nd7 10. O-O Ndf6 11. Nf4 Nxc3 12. Bxc3 Be4 13. Nd3 Bxg2 14. Kxg2 Nd7 15. Ne5 Qc7 16. f4 f6 17. Nf3 Rae8 18. Qd2 dxc4 19. bxc4 e5 20. fxe5 fxe5 21. dxe5 Nxe5 22. Nxe5 Bxe5 23. Bb4 c5 24. Rxf8+ Rxf8 25. Qd5+ Kg7 26. Bxc5 Bxa1 27. Bxf8+ Kxf8 28. Qf3+ Qf7 29. Qd1 Bf6 30. c5 Qxa2+ 31. Kh1 Qc4 32. Qd6+ Be7 33. Qb8+ Kf7 34. Qf4+ Qxf4 35. exf4 Bxc5 36. Kg2 b5 37. Kf3 Ke6 38. Ke2 Kd5 39. Kd3 a5 40. Kc2 Bg1 41. h3 Kc4 42. g4 Bd4 43. f5 gxf5 44. gxf5 Bf6 45. h4 Bxh4 46. Kb2 a4 47. Ka3 Be7+ 48. Ka2 b4 49. f6 Bxf6 50. Kb1 b3 51. Kc1 a3 52. Kb1 Be7 53. Ka1 h5 54. Kb1 h4 55. Kc1 h3 56. Kd2 h2 57. Ke2 h1=Q 58. Kd2 Qg2+ 59. Ke1 Bb4+ 60. Kd1 Qd2# 0-1

[Event "4NCL Online Division 5"]
[Site "online"]
[Date "2021.11.16"]
[EventDate "2021.11.16"]
[Round "7.113"]
[White "Blythe, Douglas"]
[WhiteElo "1541"]
[WhiteTeam "Wessex Some Stars G"]
[Black "Suulker, Cem"]
[BlackElo "1077"]
[BlackTeam "QMUL B"]
[Result "1-0"]
[PlyCount "67"]

1. c4 c5 2. Nc3 Nc6 3. g3 g6 4. Bg2 Bg7 5. e4 e6 6. Nge2 Nge7 7. O-O O-O 8. d3 a6 9. Be3 Nd4 10. Qd2 f5 11. Bh6 Rb8 12. Bxg7 Kxg7 13. Nxd4 cxd4 14. Ne2 Nc6 15. b4 b5 16. c5 d6 17. exf5 Ne5 18. fxg6 hxg6 19. c6 Qb6 20. Rac1 d5 21. Rc5 Nxc6 22. Rfc1 Bd7 23. Qb2 Kh7 24. Nxd4 Rbc8 25. Nf3 Ne7 26. d4 Nf5 27. Ne5 Qd8 28. Bh3 Kg7 29. Bxf5 gxf5 30. f4 Kf6 31. R1c3 Rg8 32. Qc1 Ke7 33. Rxc8 Rxg3+ 34. hxg3 1-0

[Event "4NCL Online Division 5"]
[Site "online"]
[Date "2021.11.16"]
[EventDate "2021.11.16"]
[Round "7.114"]
[White "Ishikawa, Ryo"]
[WhiteElo "1150"]
[WhiteTeam "QMUL B"]
[Black "Peacock, Christopher D"]
[BlackElo "1492"]
[BlackTeam "Wessex Some Stars G"]
[Result "1-0"]
[PlyCount "59"]

1. e4 e6 2. d4 d5 3. e5 c5 4. Nf3 Nc6 5. Bb5 Qc7 6. O-O Bd7 7. Bxc6 Bxc6 8. c3 Nh6 9. Bxh6 gxh6 10. Nbd2 O-O-O 11. Nb3 Ba4 12. Qd2 Kb8 13. Nxc5 Bxc5 14. dxc5 Qxc5 15. Qxh6 Rdg8 16. Nd4 Rg6 17. Qf4 Qe7 18. g3 Bd7 19. Rac1 h5 20. h3 Ka8 21. c4 h4 22. g4 f5 23. exf6 Rxf6 24. Qe5 Bc6 25. Nxc6 bxc6 26. cxd5 cxd5 27. Rc7 Qd8 28. Rfc1 Rff8 29. Qxe6 Re8 30. Qc6+ 1-0

[Event "4NCL Online Division 5"]
[Site "online"]
[Date "2021.11.16"]
[EventDate "2021.11.16"]
[Round "7.121"]
[White "Nunn, Michael"]
[WhiteElo "1451"]
[WhiteTeam "Bude Surfers B"]
[Black "Jones, Bryan"]
[BlackElo "1552"]
[BlackTeam "Breage Bruisers"]
[Result "0-1"]
[PlyCount "108"]

1. e4 e6 2. d4 d5 3. Nc3 Nf6 4. e5 Nfd7 5. Bb5 a6 6. Ba4 b5 7. Bb3 c5 8. dxc5 Nc6 9. Nxd5 Nxc5 10. Nc3 Qxd1+ 11. Kxd1 Nxe5 12. Bf4 Ng4 13. Ke2 Bb7 14. Nf3 Be7 15. Rhd1 Rd8 16. h3 Nf6 17. g4 O-O 18. Bc7 Rxd1 19. Rxd1 Rc8 20. Bd6 Bxd6 21. Rxd6 Kf8 22. a4 Ke7 23. Rd4 Rd8 24. Rxd8 Kxd8 25. axb5 Nxb3 26. cxb3 axb5 27. Nd4 Bd5 28. b4 Bc4+ 29. Kf3 Nd5 30. Ncxb5 Nxb4 31. Ke3 e5 32. Nd6 exd4+ 33. Kxd4 Be6 34. Kc3 Nc6 35. f4 Kd7 36. Ne4 Bd5 37. Nc5+ Kd6 38. Nb7+ Kc7 39. Nc5 Kb6 40. Nd7+ Kb5 41. g5 Bg2 42. h4 Bh3 43. Ne5 Nxe5 44. fxe5 g6 45. Kd4 Be6 46. Ke4 Kb4 47. Kd4 Kb3 48. Kc5 Kxb2 49. Kd6 Kc3 50. Ke7 Kd4 51. Kf6 Ke4 52. Kg7 Kxe5 53. Kxh7 Kf5 54. Kh6 Kg4 0-1